000 00733nam a2200229Ia 4500
003 OSt
005 20241111155639.0
008 210716s2011 xx 000 0 und d
020 _a9788130918273
040 _cAIMIT LIBRARY
041 _aeng
082 _a651.7
_24
_bDECB
100 _aDecker, Bert.
_9184934
245 _aCommunication skills for leaders :
_bdelivering a clear and consistent message /
_cBy Bert Decker.
250 _a4th ed.
260 _aNew Delhi :
_bViva Books ,
_c2011.
300 _aii,98p. ; ;
_bPB
_c23.9 cm
650 _aDeveloping connection
_9184935
650 _aDeveloping credibility
_9184936
650 _aDeveloping interaction
_9184937
942 _2ddc
_cBK
_e4th
_k651.7 DECB
999 _c207555
_d207555